Introducción a las políticas públicas

Enregistré dans:
Détails bibliographiques
Auteur principal: Lahera Parada, Eugenio (Auteur)
Format: Livre
Langue:espagnol
Publié: Ciudad de México Fondo de Cultura Económica 2008
Édition:2a. ed
Collection:Breviarios
Sujets:
Tags: Ajouter un tag
Pas de tags, Soyez le premier à ajouter un tag!

MARC

LEADER 00000nam a2200000 a 4500
001 UCI7628
003 CL-VaPUC
008 080718e20080000MX |||||||||||||||||spa|d
020 |a 9789562890632 
082 0 4 |a 351.983  |b LAH  |2 21 
100 |a Lahera Parada, Eugenio  |e author  |9 530914 
245 1 0 |a Introducción a las políticas públicas 
250 |a 2a. ed 
300 |a 332 p 
942 |c BK 
945 |d 20080718 00:00:00  |a rbrito 
260 |a Ciudad de México  |b Fondo de Cultura Económica  |c 2008 
650 0 |a Administración pública   |9 255343 
650 0 |a Políticas públicas  |9 309677 
583 |a last modification  |c 20080718 00:00:00  |k Rodrigo Vera 
490 0 |a Breviarios 
999 |c 330845  |d 330843 
952 |0 0  |1 0  |4 0  |6 351_983000000000000_LAH_2008  |7 0  |8 A  |9 416732  |a BIBGIM  |b BIBGIM  |d 2019-11-22  |i 4458354  |o 351.983 LAH 2008  |p 4458354  |r 2025-01-15  |w 2019-11-22  |y BK  |k SSL 
952 |0 0  |1 0  |4 0  |6 351_983000000000000_LAH_2008  |7 0  |8 A  |9 416733  |a BIBGIM  |b BIBGIM  |d 2019-11-22  |i 4458362  |o 351.983 LAH 2008  |p 4458362  |r 2025-01-15  |w 2019-11-22  |y BK  |k SSL